000 00617nam a2200193 a 4500
001 000023042
005 20200930021942.0
008 101125s1972 sp r 000 | spa d
040 _aDO-SdBNP
_bspa
_cBNPHU
082 _axxx
_bC719
245 1 0 _aPrimer viaje de Cristobal Colón según su diario de a bordo /
_ccompilado por Fray Bartolomé de las Casas.
260 _aBarcelona :
_bRamón Sopena,
_c1972.
300 _a192 p. :
_bil. ;
_c18 cm.
490 _aSopena ;
_v641
500 _aIncluye glosario de terminos
500 _aIncluye un lista de colección
830 0 _aSopena ;
_v641
_947412
049 _aBNGR
999 _c22539
_d22539